[Event "Manitoba-ch"]
[Site "Winnipeg CAN"]
[Date "2018.03.13"]
[Round "1.2"]
[White "Swift, Ryne"]
[Black "Valentino, Marcos"]
[Result "1/2-1/2"]
[WhiteElo "2211"]
[BlackElo "2068"]
[PlyCount "85"]
[EventDate "2018.03.06"]
[EventType "k.o."]
[EventRounds "3"]
[EventCountry "CAN"]

1. Nf3 Nf6 2. g3 d6 3. Bg2 g6 4. b3 Bg7 5. Bb2 O-O 6. O-O c5 7. c4 Nc6 8. Nc3
e6 9. d4 Qe7 10. e3 Bd7 11. Qd2 Rad8 12. Rfd1 Bc8 13. d5 Nb8 14. dxe6 fxe6 15.
e4 Nc6 16. e5 dxe5 17. Qg5 e4 18. Ne1 Rxd1 19. Rxd1 e3 20. fxe3 Nd5 21. Qxe7
Ndxe7 22. Nd3 Nf5 23. Re1 Rd8 24. Be4 Nb4 25. Bxf5 Nxd3 26. Bxd3 Rxd3 27. Rd1
Rxd1+ 28. Nxd1 Bxb2 29. Nxb2 b6 30. Nd1 Kf7 31. Nc3 Bd7 32. Kf2 Bc6 33. Ke2 Kf6
34. Nd1 g5 35. Kd3 Ke5 36. Nf2 h5 37. h4 gxh4 38. gxh4 Kf5 39. a3 a5 40. a4 Bf3
41. Kc3 Bd1 42. Kb2 Be2 43. Kc3 {
White  eventually  claimed  a  draw  by  the  rule.} 1/2-1/2

[Event "Manitoba-ch"]
[Site "Winnipeg CAN"]
[Date "2018.03.13"]
[Round "1.2"]
[White "Wiebe, Isaac"]
[Black "Wolchock, Theo"]
[Result "1/2-1/2"]
[WhiteElo "2280"]
[BlackElo "2004"]
[PlyCount "64"]
[EventDate "2018.03.06"]
[EventType "k.o."]
[EventRounds "3"]
[EventCountry "CAN"]

1. e4 Nc6 2. Nf3 d6 3. Bc4 Nf6 4. d3 Bg4 5. Nbd2 e6 6. c3 Qd7 7. Bb5 a6 8. Ba4
Be7 9. d4 b5 10. Bc2 O-O 11. O-O Na5 12. Re1 c5 13. e5 dxe5 14. dxe5 Nd5 15.
Nf1 Rfd8 16. Ng3 Qc7 17. Qe2 g6 18. h3 Bxf3 19. Qxf3 Nc4 20. Qe2 Rd7 21. b3
Ncb6 22. Bb2 c4 23. Qf3 Rad8 24. Ne4 b4 25. Rac1 bxc3 26. Nxc3 Nb4 27. Bb1 Nd3
28. Bxd3 Rxd3 29. Qf4 Bb4 30. Ne4 Nd5 31. Qh6 Bf8 32. Qh4 Be7 1/2-1/2

[Event "Manitoba-ch"]
[Site "Winnipeg CAN"]
[Date "2018.03.27"]
[Round "2.1"]
[White "Nones, Teodulfo"]
[Black "Baron, Gustav"]
[Result "1/2-1/2"]
[WhiteElo "2321"]
[BlackElo "2216"]
[PlyCount "38"]
[EventDate "2018.03.06"]
[EventType "k.o."]
[EventRounds "3"]
[EventCountry "CAN"]

1. e4 e5 2. Nf3 Nc6 3. Bb5 f5 4. d4 exd4 5. Nxd4 fxe4 6. Bxc6 dxc6 7. Qh5+ g6
8. Qe5+ Kf7 9. Bg5 Nf6 10. Nc3 Bg7 11. O-O-O Re8 12. Qf4 Qd6 13. Qh4 Qe5 14.
Rhe1 h6 15. Bf4 Qa5 16. Qg3 Re7 17. Nb3 Qf5 18. Nd4 Qa5 19. Nb3 Qf5 1/2-1/2

[Event "Manitoba-ch"]
[Site "Winnipeg CAN"]
[Date "2018.03.27"]
[Round "2.1"]
[White "Wiebe, Isaac"]
[Black "Swift, Ryne"]
[Result "1-0"]
[WhiteElo "2280"]
[BlackElo "2211"]
[PlyCount "87"]
[EventDate "2018.03.06"]
[EventType "k.o."]
[EventRounds "3"]
[EventCountry "CAN"]

1. e4 e5 2. Nf3 Nf6 3. Nxe5 d6 4. Nf3 Nxe4 5. Nc3 Nxc3 6. dxc3 Be7 7. Be3 Nc6
8. Qd2 Be6 9. O-O-O Qd7 10. Kb1 a6 11. Bd3 Ne5 12. Nd4 Nxd3 13. Nxe6 Qxe6 14.
Qxd3 O-O 15. f4 f5 16. Rhe1 Qf7 17. h3 Rae8 18. Bf2 c6 19. Re2 d5 20. Rde1 Bd6
21. Rxe8 Rxe8 22. Rxe8+ Qxe8 23. Qxf5 Qe2 24. a3 Bxa3 25. Bd4 Bf8 26. Be5 Qf1+
27. Ka2 Qc4+ 28. b3 Qe4 29. Qe6+ Kh8 30. Kb2 Qg6 31. Qc8 Qf7 32. Bd6 Kg8 33.
Bxf8 Qxf8 34. Qxb7 Qxf4 35. Qxc6 Qe4 36. g4 h5 37. gxh5 Qf5 38. h6 g6 39. Qb7
Qf8 40. Qxd5+ Kh7 41. Qg5 Qf3 42. h4 Qd1 43. Qf4 Qd5 44. Qf8 1-0

[Event "Manitoba-ch"]
[Site "Winnipeg CAN"]
[Date "2018.04.14"]
[Round "2.2"]
[White "Baron, Gustav"]
[Black "Nones, Teodulfo"]
[Result "0-1"]
[WhiteElo "2216"]
[BlackElo "2327"]
[PlyCount "87"]
[EventDate "2018.03.06"]
[EventType "k.o."]
[EventRounds "3"]
[EventCountry "CAN"]

1. d4 g6 2. Bf4 Bg7 3. e3 d6 4. Nf3 Nd7 5. c3 e5 6. dxe5 dxe5 7. Bg3 Qe7 8. Bc4
Ngf6 9. Nbd2 O-O 10. O-O e4 11. Nd4 Ne5 12. Be2 c5 13. N4b3 Rd8 14. Qc2 Bf5 15.
Bxe5 Qxe5 16. Nc4 Qc7 17. a4 Ng4 18. g3 h5 19. Rfd1 Ne5 20. Nxe5 Bxe5 21. Rxd8+
Rxd8 22. Rd1 Rxd1+ 23. Bxd1 h4 24. Kg2 Be6 25. Qxe4 Qd7 26. Qc2 h3+ 27. Kg1
Qxa4 28. Nd2 Qd7 29. Bf3 b6 30. Ne4 a5 31. Ng5 Bf6 32. Ne4 Be7 33. Qd2 a4 34.
Be2 b5 35. f4 b4 36. Qc1 Bf5 37. Nf2 Qd5 38. Bf1 Qb3 39. cxb4 cxb4 40. Bc4 Qc2
41. Qxc2 Bxc2 42. e4 b3 43. Nxh3 Bc5+ 44. Kf1 0-1

[Event "Manitoba-ch"]
[Site "Winnipeg CAN"]
[Date "2018.04.14"]
[Round "2.2"]
[White "Swift, Ryne"]
[Black "Wiebe, Isaac"]
[Result "1/2-1/2"]
[WhiteElo "2211"]
[BlackElo "2280"]
[PlyCount "32"]
[EventDate "2018.03.06"]
[EventType "k.o."]
[EventRounds "3"]
[EventCountry "CAN"]

1. g4 d5 2. h3 e5 3. d4 e4 4. Bf4 Bd6 5. Bxd6 Qxd6 6. e3 Qb4+ 7. Nc3 c6 8. a3
Qd6 9. Qd2 Ne7 10. O-O-O b5 11. f3 exf3 12. Qh2 Qxh2 13. Rxh2 h5 14. g5 Bf5 15.
Nxf3 Nd7 16. Bd3 Bxd3 1/2-1/2

[Event "Manitoba-ch"]
[Site "Winnipeg CAN"]
[Date "2018.05.05"]
[Round "3.1"]
[White "Nones, Teodulfo"]
[Black "Wiebe, Isaac"]
[Result "0-1"]
[WhiteElo "2321"]
[BlackElo "2280"]
[PlyCount "62"]
[EventDate "2018.03.06"]
[EventType "k.o."]
[EventRounds "3"]
[EventCountry "CAN"]

1. g3 e6 2. Bg2 c5 3. d3 Nc6 4. e4 g6 5. Nf3 Bg7 6. O-O Nge7 7. c3 e5 8. Be3 d6
9. Qd2 O-O 10. Bh6 f5 11. Na3 f4 12. Bxg7 Kxg7 13. d4 cxd4 14. cxd4 Bg4 15. d5
Bxf3 16. dxc6 Bxg2 17. cxb7 Rb8 18. Kxg2 f3+ 19. Kh1 Rxb7 20. Rfd1 Rf6 21. Nc4
Qc8 22. b3 Qh3 23. Rg1 Nc6 24. Qd5 g5 25. Qxd6 Rd7 26. Qxf6+ Kxf6 27. Ne3 Nd4
28. g4 Ne2 29. Rgd1 Rxd1+ 30. Rxd1 Nd4 31. Rc1 Qh4 0-1

[Event "Manitoba-ch"]
[Site "Winnipeg CAN"]
[Date "2018.06.09"]
[Round "3.2"]
[White "Wiebe, Isaac"]
[Black "Nones, Teodulfo"]
[Result "1/2-1/2"]
[WhiteElo "2321"]
[BlackElo "2280"]
[PlyCount "47"]
[EventDate "2018.03.06"]
[EventType "k.o."]
[EventRounds "3"]
[EventCountry "CAN"]

1. e4 c5 2. Nf3 Nc6 3. Bb5 g6 4. Bxc6 bxc6 5. O-O Bg7 6. Re1 Nh6 7. c3 d6 8. h3
O-O 9. d4 cxd4 10. cxd4 f5 11. Nc3 fxe4 12. Nxe4 Kh8 13. Bg5 Nf5 14. Ng3 Re8
15. Nxf5 Bxf5 16. Qd2 Rb8 17. Re2 Qc7 18. Rae1 e5 19. dxe5 dxe5 20. Bh6 Bf6 21.
Bg5 Bg7 22. Bh6 Bf6 23. Bg5 Bg7 24. Bh6 1/2-1/2

[Event "Manitoba-ch Senior"]
[Site "Winnipeg CAN"]
[Date "2018.10.02"]
[Round "1"]
[White "Babb, Jeff"]
[Black "Reimer, Bruce"]
[Result "1-0"]
[WhiteElo "2144"]
[BlackElo "1562"]
[PlyCount "39"]
[EventDate "2018.10.02"]
[EventType "swiss"]
[EventRounds "5"]
[EventCountry "CAN"]

1. f4 g6 2. Nf3 Bg7 3. d3 d6 4. g3 b6 5. Bg2 Bb7 6. e4 e6 7. O-O Ne7 8. c3 O-O
9. Na3 c5 10. g4 Qd7 11. Qe1 h6 12. f5 exf5 13. gxf5 gxf5 14. Bh3 Nbc6 15. Qh4
Ng6 16. Qh5 Nce5 17. Nxe5 Nxe5 18. Bxf5 Qe7 19. Bxh6 Qf6 20. Bg5 1-0

[Event "Manitoba-ch Senior"]
[Site "Winnipeg CAN"]
[Date "2018.10.02"]
[Round "1"]
[White "Boron, Anthony"]
[Black "Gannon, Keith"]
[Result "0-1"]
[WhiteElo "2021"]
[BlackElo "1494"]
[PlyCount "68"]
[EventDate "2018.10.02"]
[EventType "swiss"]
[EventRounds "5"]
[EventCountry "CAN"]

1. d4 Nf6 2. c4 c5 3. e3 cxd4 4. exd4 d5 5. cxd5 Nxd5 6. Nc3 g6 7. Bb5+ Nc6 8.
Bxc6+ bxc6 9. Nf3 Bg7 10. O-O O-O 11. Re1 Bg4 12. Be3 Qb6 13. Na4 Qb5 14. b3
Rfd8 15. Rc1 Rac8 16. Rc5 Qa6 17. h3 Bxf3 18. Qxf3 e6 19. Rec1 Rd6 20. Qd1 e5
21. dxe5 Bxe5 22. Qe1 Bg7 23. Ra5 Qd3 24. Rxa7 Re8 25. Qf1 Nxe3 26. Qxd3 Rxd3
27. fxe3 Rdxe3 28. Rd7 Bh6 29. Rdd1 Re2 30. Rxc6 Rxa2 31. Nb6 Ree2 32. g4 Be3+
33. Kf1 Rf2+ 34. Ke1 Rae2# 0-1

[Event "Manitoba-ch Senior"]
[Site "Winnipeg CAN"]
[Date "2018.10.02"]
[Round "1"]
[White "Remillard, John"]
[Black "Magyar, Peter"]
[Result "1-0"]
[WhiteElo "1625"]
[BlackElo "1470"]
[PlyCount "127"]
[EventDate "2018.10.02"]
[EventType "swiss"]
[EventRounds "5"]
[EventCountry "CAN"]

1. g3 e6 2. Bg2 Nf6 3. f4 c5 4. Nf3 d6 5. d3 Be7 6. c4 Nbd7 7. Bd2 Rb8 8. a4 b6
9. Nc3 a6 10. Qb3 Ng4 11. h3 Nh6 12. Kf2 f5 13. e4 Nf7 14. exf5 exf5 15. Rhe1
O-O 16. Nd5 Bf6 17. Re2 Bd4+ 18. Nxd4 cxd4 19. Rae1 Nc5 20. Ne7+ Kh8 21. Qa3
Bd7 22. Bc6 Qc7 23. Bxd7 Qxd7 24. a5 Qa4 25. Qxa4 Nxa4 26. Bc1 Nc5 27. Rd1 bxa5
28. Nc6 Rbe8 29. Nxd4 g6 30. b3 Rb8 31. Rb2 Na4 32. bxa4 Rb4 33. Rxb4 axb4 34.
Bb2 Kg8 35. Re1 a5 36. Nc6 Ra8 37. Re7 h5 38. Ke3 Kf8 39. Kd4 Rc8 40. Kd5 Nd8
41. Bg7+ Kg8 42. Nxd8 Rxd8 43. Bf6 Rb8 44. Kc6 b3 45. Kc7 b2 46. Bxb2 Rxb2 47.
Kxd6 Rb4 48. Kc5 Rxa4 49. Kb5 Ra3 50. Re3 a4 51. Kb4 Ra1 52. d4 a3 53. Rxa3 Rd1
54. d5 Kf7 55. Re3 Rd4 56. Kc5 Rd1 57. d6 g5 58. Kc6 Rd4 59. c5 Re4 60. Rxe4
fxe4 61. d7 e3 62. d8=Q e2 63. Qd2 e1=Q 64. Qxe1 1-0

[Event "Manitoba-ch Senior"]
[Site "Winnipeg CAN"]
[Date "2018.10.02"]
[Round "1"]
[White "Trueman, Francis"]
[Black "Proulx, Roy"]
[Result "0-1"]
[WhiteElo "1397"]
[BlackElo "1606"]
[PlyCount "78"]
[EventDate "2018.10.02"]
[EventType "swiss"]
[EventRounds "5"]
[EventCountry "CAN"]

1. Nf3 d5 2. d3 c5 3. g3 Nc6 4. Nbd2 e5 5. e4 d4 6. a4 Bd6 7. Bg2 Bg4 8. O-O
Nge7 9. h3 Bh5 10. Re1 O-O 11. Nf1 f5 12. N1h2 fxe4 13. dxe4 c4 14. Bd2 Bc5 15.
g4 Bf7 16. Bf1 Be6 17. Ng5 Qd7 18. Rb1 a5 19. f3 Nb4 20. Kh1 d3 21. Bxb4 axb4
22. cxd3 Qd4 23. Be2 Bd7 24. dxc4 h6 25. Qc2 Bxa4 26. b3 Bd7 27. Rbd1 hxg5 28.
Rxd4 Bxd4 29. c5 Rfc8 30. Qc4+ Kf8 31. Qxb4 Rxc5 32. Qd2 Rac8 33. Bc4 b5 34.
Rc1 bxc4 35. bxc4 Rxc4 36. Rxc4 Rxc4 37. Qxg5 Ra4 38. Qd2 Ra1+ 39. Kg2 Rg1# 0-1

[Event "Manitoba-ch Senior"]
[Site "Winnipeg CAN"]
[Date "2018.10.09"]
[Round "2"]
[White "Boron, Anthony"]
[Black "Remillard, John"]
[Result "1-0"]
[WhiteElo "2021"]
[BlackElo "1625"]
[PlyCount "69"]
[EventDate "2018.10.02"]
[EventType "swiss"]
[EventRounds "5"]
[EventCountry "CAN"]

1. e4 c5 2. d4 cxd4 3. Nf3 Nc6 4. c3 dxc3 5. Nxc3 g6 6. Bc4 Bg7 7. Bd2 a6 8. a3
e6 9. O-O Nge7 10. Qe2 O-O 11. Rac1 b5 12. Ba2 Bb7 13. b4 Rc8 14. Rfd1 Nd4 15.
Nxd4 Bxd4 16. Be1 Bg7 17. Qd3 Rc7 18. Ne2 Nc6 19. f4 Qc8 20. Bf2 Nb8 21. Rc5
Rd8 22. Rdc1 Bc6 23. f5 d6 24. R5c2 Qb7 25. fxe6 fxe6 26. Bxe6+ Kh8 27. Bd5
Rdc8 28. Nf4 Bxd5 29. Nxd5 Rxc2 30. Rxc2 Rxc2 31. Qxc2 Nc6 32. Qc1 Bd4 33. Qf4
Bxf2+ 34. Kxf2 Qb8 35. Qf6+ 1-0

[Event "Manitoba-ch Senior"]
[Site "Winnipeg CAN"]
[Date "2018.10.09"]
[Round "2"]
[White "Magyar, Peter"]
[Black "Gannon, Keith"]
[Result "1-0"]
[WhiteElo "1470"]
[BlackElo "1494"]
[PlyCount "89"]
[EventDate "2018.10.02"]
[EventType "swiss"]
[EventRounds "5"]
[EventCountry "CAN"]

1. d4 d5 2. Bf4 e6 3. Nf3 Nc6 4. c3 Nf6 5. e3 Be7 6. Bd3 O-O 7. O-O a6 8. Nbd2
b5 9. h3 Bb7 10. Qc2 Rc8 11. Ng5 h6 12. Ngf3 Bd6 13. Ne5 Ne7 14. b4 c6 15. Nb3
g5 16. Bh2 Ba8 17. Be2 Ne4 18. Nd2 Nxd2 19. Qxd2 f6 20. Nf3 Bxh2+ 21. Nxh2 f5
22. Nf3 Ng6 23. a4 Qc7 24. axb5 axb5 25. Ra5 Bb7 26. Rfa1 Ra8 27. Ra7 Rxa7 28.
Rxa7 Ra8 29. Qa2 Rxa7 30. Qxa7 Qc8 31. Qc5 Qf8 32. Qb6 Qc8 33. Nd2 Kg7 34. Nb3
f4 35. Nc5 Ba8 36. Qa7+ Kg8 37. Bg4 Nf8 38. Bh5 fxe3 39. Qf7+ Kh8 40. Qf6+ Kh7
41. fxe3 Kg8 42. Bf7+ Kh7 43. Nxe6 Nxe6 44. Qg6+ Kh8 45. Qxh6# 1-0

[Event "Manitoba-ch Senior"]
[Site "Winnipeg CAN"]
[Date "2018.10.09"]
[Round "2"]
[White "Proulx, Roy"]
[Black "Babb, Jeff"]
[Result "0-1"]
[WhiteElo "1606"]
[BlackElo "2144"]
[PlyCount "66"]
[EventDate "2018.10.02"]
[EventType "swiss"]
[EventRounds "5"]
[EventCountry "CAN"]

1. e4 e5 2. Nf3 Nc6 3. Bc4 Bc5 4. b4 Bxb4 5. c3 Ba5 6. O-O d6 7. Qb3 Qd7 8. d4
Bb6 9. Bb5 a6 10. Ba4 Ba7 11. Bxc6 Qxc6 12. dxe5 Be6 13. Qc2 O-O-O 14. Bg5 f6
15. exf6 Nxf6 16. Nbd2 h6 17. Bxf6 gxf6 18. Nb3 Bxb3 19. axb3 Rde8 20. Rfe1
Rhg8 21. Qd3 Rg4 22. Nd2 Reg8 23. g3 h5 24. Ra4 h4 25. Kf1 hxg3 26. hxg3 f5 27.
Rc4 Qb5 28. Rd4 f4 29. gxf4 Rxf4 30. Nc4 Qc6 31. Nxd6+ cxd6 32. Qh3+ Qd7 33.
Rc4+ Kd8 0-1

[Event "Manitoba-ch Senior"]
[Site "Winnipeg CAN"]
[Date "2018.10.09"]
[Round "2"]
[White "Reimer, Bruce"]
[Black "Trueman, Francis"]
[Result "0-1"]
[WhiteElo "1562"]
[BlackElo "1397"]
[PlyCount "78"]
[EventDate "2018.10.02"]
[EventType "swiss"]
[EventRounds "5"]
[EventCountry "CAN"]

1. c4 Nf6 2. g3 d6 3. Bg2 g6 4. Nc3 Bg7 5. e4 O-O 6. Nf3 a5 7. O-O Nc6 8. d4 e5
9. d5 Ne7 10. h3 c5 11. Nh2 Ne8 12. f4 f5 13. fxe5 Bxe5 14. Ne2 Nf6 15. Bh6 Re8
16. Qc2 fxe4 17. Nf4 Nf5 18. Bg5 Bd4+ 19. Rf2 e3 20. Re2 Nxg3 21. Nf3 Bf5 22.
Qd1 Nxe2+ 23. Nxe2 Bxb2 24. Nh4 Bxa1 25. Qxa1 Rf8 26. Nxf5 gxf5 27. Nf4 e2 28.
Nxe2 Qe7 29. Bf3 Qe5 30. Qb1 Rae8 31. Bf4 Qe7 32. Qxf5 Qg7+ 33. Kf2 Ne4+ 34.
Qxe4 Rxe4 35. Bxe4 Rxf4+ 36. Nxf4 Qd4+ 37. Kf3 Qxc4 38. Nh5 Qd4 39. h4 Qd1+ 0-1

[Event "Manitoba-ch Senior"]
[Site "Winnipeg CAN"]
[Date "2018.10.16"]
[Round "3.1"]
[White "Babb, Jeff"]
[Black "Boron, Anthony"]
[Result "1-0"]
[WhiteElo "2144"]
[BlackElo "2021"]
[PlyCount "105"]
[EventDate "2018.10.02"]
[EventType "swiss"]
[EventRounds "5"]
[EventCountry "CAN"]

1. g3 g6 2. Bg2 Bg7 3. d3 d6 4. e4 c5 5. Nc3 Nc6 6. f4 e6 7. Nf3 Nge7 8. O-O
Rb8 9. Be3 b6 10. d4 O-O 11. Qd2 Bb7 12. Rfd1 Qe8 13. Rab1 e5 14. dxe5 dxe5 15.
fxe5 Rd8 16. Qe2 Nxe5 17. Nxe5 Bxe5 18. Bh6 Bd4+ 19. Kh1 Bg7 20. Bxg7 Kxg7 21.
Rxd8 Qxd8 22. Rd1 Qc8 23. Qd2 Nc6 24. Nd5 Qe6 25. Rf1 Qe5 26. c3 Ne7 27. Nf6
Qe6 28. b3 Ng8 29. Nd5 Rd8 30. c4 Rd6 31. Qb2+ f6 32. a4 Bxd5 33. exd5 Qe5 34.
Qd2 a5 35. Re1 Qf5 36. Be4 Qg4 37. Kg2 Qd7 38. Bc2 Nh6 39. Qf4 Nf7 40. g4 Ne5
41. h3 h6 42. Kg3 Qf7 43. h4 g5 44. hxg5 hxg5 45. Qf5 Qg6 46. Rxe5 fxe5 47.
Qxg6+ Rxg6 48. Bxg6 Kxg6 49. Kf3 Kf7 50. Ke4 Kf6 51. d6 Ke6 52. d7 Kxd7 53.
Kxe5 1-0

[Event "Manitoba-ch Senior"]
[Site "Winnipeg CAN"]
[Date "2018.10.16"]
[Round "3.3"]
[White "Magyar, Peter"]
[Black "Proulx, Roy"]
[Result "0-1"]
[WhiteElo "1470"]
[BlackElo "1606"]
[PlyCount "70"]
[EventDate "2018.10.02"]
[EventType "swiss"]
[EventRounds "5"]
[EventCountry "CAN"]

1. d4 d5 2. Bf4 e6 3. e3 Nf6 4. Be2 Bd6 5. Bg3 b6 6. Nd2 O-O 7. Ngf3 c5 8. c3
Ba6 9. Bxa6 Nxa6 10. Ne5 Rc8 11. h3 cxd4 12. exd4 Qc7 13. O-O Ne4 14. Nxe4 dxe4
15. Re1 f6 16. Ng4 Bxg3 17. fxg3 Qxg3 18. Rxe4 f5 19. Re3 Qf4 20. Rf3 Qd6 21.
Ne5 Nc7 22. Qd2 Rcd8 23. Raf1 Qxe5 24. Qg5 Qf6 25. Qf4 Nd5 26. Qc1 g5 27. Rg3
f4 28. h4 h6 29. hxg5 hxg5 30. Qd1 Qg6 31. Rh3 Ne3 32. Rxe3 fxe3 33. Re1 Qf5
34. Qh5 Rd7 35. Qd1 Qf2+ 0-1

[Event "Manitoba-ch Senior"]
[Site "Winnipeg CAN"]
[Date "2018.10.16"]
[Round "3.4"]
[White "Trueman, Francis"]
[Black "Gannon, Keith"]
[Result "0-1"]
[WhiteElo "1392"]
[BlackElo "1494"]
[PlyCount "77"]
[EventDate "2018.10.02"]
[EventType "swiss"]
[EventRounds "5"]
[EventCountry "CAN"]

1. Nf3 d5 2. d3 Nc6 3. g3 e5 4. Bg2 Nf6 5. O-O Be7 6. h4 O-O 7. Nbd2 Bd7 8. Nh2
d4 9. Nhf3 Re8 10. Re1 Bb4 11. e4 dxe3 12. fxe3 e4 13. dxe4 Nxe4 14. c3 Bc5 15.
Nxe4 Rxe4 16. Qd5 Qe7 17. Nd4 Re5 18. Qf3 Bxd4 19. cxd4 Rf5 20. Qe4 Re8 21.
Qxe7 Rxe7 22. Bd2 Rb5 23. Bc3 Nd8 24. a4 Rh5 25. Bb4 Re8 26. Bf3 Rh6 27. g4
Rxh4 28. Rac1 Bxg4 29. Bg2 c6 30. Kf2 Rh6 31. e4 Rf6+ 32. Kg1 h5 33. e5 Rf4 34.
Bc3 Ne6 35. d5 cxd5 36. Bxd5 Rxa4 37. Bxb7 Rf4 38. Ba6 Re7 39. Bb5 0-1

[Event "Manitoba-ch Senior"]
[Site "Winnipeg CAN"]
[Date "2018.10.23"]
[Round "4.1"]
[White "Rutter, Blair"]
[Black "Babb, Jeff"]
[Result "0-1"]
[WhiteElo "1966"]
[BlackElo "2144"]
[PlyCount "42"]
[EventDate "2018.10.02"]
[EventType "swiss"]
[EventRounds "5"]
[EventCountry "CAN"]

1. c4 g6 2. g3 Bg7 3. Bg2 c5 4. Nc3 Nc6 5. e4 d6 6. Nge2 h5 7. h4 Ne5 8. d3 Bg4
9. O-O Nf3+ 10. Kh1 e5 11. Qa4+ Kf8 12. b4 b6 13. Be3 Bf6 14. Rab1 Bxh4 15. Rb2
Bg5 16. Nd5 h4 17. Bxf3 Bxf3+ 18. Kg1 hxg3 19. Nxg3 Bf4 20. Bxf4 Qh4 21. Rfb1
Qh1+ 0-1

[Event "Manitoba-ch Senior"]
[Site "Winnipeg CAN"]
[Date "2018.10.23"]
[Round "4.2"]
[White "Boron, Anthony"]
[Black "Proulx, Roy"]
[Result "1-0"]
[WhiteElo "2021"]
[BlackElo "1606"]
[PlyCount "61"]
[EventDate "2018.10.02"]
[EventType "swiss"]
[EventRounds "5"]
[EventCountry "CAN"]

1. d4 d5 2. Bf4 e6 3. e3 Nf6 4. Nf3 c5 5. c3 Nc6 6. Nbd2 cxd4 7. cxd4 Ne4 8.
Bd3 f5 9. O-O Bd6 10. Bb5 Bxf4 11. exf4 Bd7 12. Bxc6 Bxc6 13. Ne5 O-O 14. Ndf3
Bb5 15. Re1 Rc8 16. Qb3 Ba6 17. Rac1 Qa5 18. a3 Rxc1 19. Rxc1 h6 20. Nd7 Rf7
21. Nfe5 Qd2 22. Qe3 Rxd7 23. Rc8+ Kh7 24. Qxd2 Nxd2 25. Nxd7 Nb3 26. Nf8+ Kg8
27. Nxe6+ Kh7 28. Rc7 Kg6 29. Nc5 Nxc5 30. dxc5 Kf6 31. c6 1-0

[Event "Manitoba-ch Senior"]
[Site "Winnipeg CAN"]
[Date "2018.10.23"]
[Round "4.3"]
[White "Gannon, Keith"]
[Black "Remillard, John"]
[Result "1-0"]
[WhiteElo "1494"]
[BlackElo "1625"]
[PlyCount "113"]
[EventDate "2018.10.02"]
[EventType "swiss"]
[EventRounds "5"]
[EventCountry "CAN"]

1. e4 c5 2. Nf3 e6 3. d4 a6 4. c4 Qb6 5. d5 g6 6. Nc3 Bg7 7. Qc2 d6 8. Be2 Ne7
9. O-O exd5 10. Nxd5 Nxd5 11. exd5 Bf5 12. Qd2 O-O 13. Re1 Qd8 14. Bd3 Bd7 15.
a3 b5 16. Rb1 bxc4 17. Bxc4 Bb5 18. b3 Re8 19. Rxe8+ Qxe8 20. Bb2 f6 21. Re1
Qf8 22. Qe3 Bxc4 23. bxc4 Nd7 24. Qe6+ Qf7 25. Qxd6 Bf8 26. Qe6 Rb8 27. Ba1 a5
28. Nd2 Bh6 29. Ne4 Rb6 30. Qxf7+ Kxf7 31. Bc3 a4 32. g4 Bf4 33. h4 Rb3 34. Bd2
Bxd2 35. Nxd2 Rxa3 36. Rb1 f5 37. gxf5 gxf5 38. Kg2 Rc3 39. Rb7 Ke7 40. Nf3 Kd6
41. Ra7 Rxc4 42. Rxd7+ Kxd7 43. Ne5+ Kd6 44. Nxc4+ Kxd5 45. Nb6+ Kd4 46. Nxa4
c4 47. Kf3 c3 48. Nxc3 Kxc3 49. Kf4 Kd3 50. Kxf5 Ke2 51. f4 Kf3 52. h5 Kg3 53.
h6 Kh4 54. Ke6 Kh5 55. f5 Kxh6 56. Ke7 Kg7 57. f6+ 1-0

[Event "Manitoba-ch Senior"]
[Site "Winnipeg CAN"]
[Date "2018.10.23"]
[Round "4.4"]
[White "Trueman, Francis"]
[Black "Magyar, Peter"]
[Result "0-1"]
[WhiteElo "1397"]
[BlackElo "1470"]
[PlyCount "76"]
[EventDate "2018.10.02"]
[EventType "swiss"]
[EventRounds "5"]
[EventCountry "CAN"]

1. Nf3 c5 2. d3 e6 3. g3 Nf6 4. Nbd2 b6 5. Bg2 Bb7 6. O-O d6 7. Re1 Be7 8. e4
e5 9. Nf1 Nbd7 10. a4 O-O 11. h4 Rc8 12. N3h2 Qc7 13. g4 Rfd8 14. Ne3 Nf8 15.
g5 Ne8 16. Nf5 Ng6 17. Qf3 Bf8 18. Bh3 Rb8 19. Kh1 d5 20. Qg3 c4 21. Nf3 cxd3
22. cxd3 dxe4 23. dxe4 Bb4 24. Rg1 Bxe4 25. Qg4 Qb7 26. Bg2 Rd3 27. Ne1 Bxg2+
28. Nxg2 Bc5 29. h5 Nf4 30. Bxf4 exf4 31. Qxf4 Rf3 32. Qe5 Rh3+ 33. Qh2 Rxh2+
34. Kxh2 Bxf2 35. Rgc1 Bc5 36. Rf1 Rd8 37. Rae1 Qb8+ 38. Kh1 Rd3 0-1

[Event "Manitoba-ch Senior"]
[Site "Winnipeg CAN"]
[Date "2018.10.30"]
[Round "5.1"]
[White "Babb, Jeff"]
[Black "Magyar, Peter"]
[Result "1-0"]
[WhiteElo "2144"]
[BlackElo "1470"]
[PlyCount "39"]
[EventDate "2018.10.02"]
[EventType "swiss"]
[EventRounds "5"]
[EventCountry "CAN"]

1. f4 e6 2. Nf3 c5 3. e3 Nf6 4. b3 d6 5. Bb2 Be7 6. Bd3 Nbd7 7. O-O h6 8. c4
O-O 9. Nc3 a6 10. h3 b6 11. g4 Bb7 12. Kh2 Qc7 13. g5 Nh5 14. gxh6 gxh6 15.
Rg1+ Ng7 16. Rxg7+ Kh8 17. Rh7+ Kg8 18. Qg1+ Bg5 19. Nxg5 Rfc8 20. Nxe6+ 1-0

[Event "Manitoba-ch Senior"]
[Site "Winnipeg CAN"]
[Date "2018.10.30"]
[Round "5.2"]
[White "Proulx, Roy"]
[Black "Gannon, Keith"]
[Result "1/2-1/2"]
[WhiteElo "1606"]
[BlackElo "1494"]
[PlyCount "109"]
[EventDate "2018.10.02"]
[EventType "swiss"]
[EventRounds "5"]
[EventCountry "CAN"]

1. e4 e5 2. Nf3 d6 3. d4 exd4 4. Nxd4 Nf6 5. Nc3 a6 6. Bd3 Bd7 7. O-O Nc6 8.
Nxc6 Bxc6 9. Bg5 Be7 10. f4 Nd7 11. Qh5 Bxg5 12. fxg5 Ne5 13. Rae1 Qd7 14. Nd5
O-O-O 15. Rf4 g6 16. Qh4 Bxd5 17. exd5 Nxd3 18. cxd3 Qb5 19. Rxf7 Rd7 20. Qh3
Kd8 21. Qf3 Rxf7 22. Qxf7 Re8 23. Qxe8+ Qxe8 24. Rxe8+ Kxe8 25. Kf2 Kd7 26. Ke3
c6 27. dxc6+ bxc6 28. g4 Ke6 29. b4 Kd5 30. h4 c5 31. bxc5 dxc5 32. a3 a5 33.
a4 Ke5 34. Kd2 Kd4 35. Kc2 c4 36. dxc4 Kxc4 37. Kd2 Kb4 38. Kd3 Kxa4 39. Kd4
Kb3 40. Ke5 a4 41. Kf6 a3 42. Kg7 a2 43. Kxh7 a1=Q 44. h5 gxh5 45. gxh5 Qa7+
46. Kh6 Qe3 47. Kg6 Qe4+ 48. Kh6 Qf4 49. Kg6 Qd6+ 50. Kh7 Qe7+ 51. Kh6 Qf8+ 52.
Kh7 Qf7+ 53. Kh6 Qf8+ 54. Kh7 Qf5+ 55. Kh6 1/2-1/2

[Event "Manitoba-ch Senior"]
[Site "Winnipeg CAN"]
[Date "2018.10.30"]
[Round "5.3"]
[White "Remillard, John"]
[Black "Trueman, Francis"]
[Result "1-0"]
[WhiteElo "1625"]
[BlackElo "1397"]
[PlyCount "41"]
[EventDate "2018.10.02"]
[EventType "swiss"]
[EventRounds "5"]
[EventCountry "CAN"]

1. g3 d6 2. Bg2 Nf6 3. d3 g6 4. f4 Nc6 5. Nf3 Bg7 6. O-O O-O 7. c3 e5 8. fxe5
dxe5 9. e4 Nd7 10. Nbd2 Ne7 11. d4 f5 12. exf5 Nxf5 13. Ne4 Re8 14. Bg5 Bf6 15.
Nxf6+ Nxf6 16. Nxe5 h6 17. Bxf6 Qd6 18. Ng4 Nxg3 19. hxg3 Qxg3 20. Nxh6+ Kh7
21. Be5 1-0

[Event "Maritime op"]
[Site "Halifax CAN"]
[Date "2018.10.06"]
[Round "2"]
[White "Anderson, Ian"]
[Black "Pilon, Ray"]
[Result "1-0"]
[WhiteElo "1616"]
[BlackElo "1233"]
[PlyCount "49"]
[EventDate "2018.10.06"]
[EventType "swiss"]
[EventRounds "6"]
[EventCountry "CAN"]

1. c4 c5 2. b3 Nf6 3. Bb2 g6 4. Bxf6 exf6 5. Nc3 Bg7 6. Rc1 O-O 7. g3 Nc6 8.
Bg2 d6 9. Nf3 Bd7 10. O-O Be6 11. e3 f5 12. d4 d5 13. cxd5 Bxd5 14. Nxd5 Qxd5
15. Rxc5 Qd6 16. Ng5 Rad8 17. Bxc6 Qxc5 18. dxc5 Rxd1 19. Rxd1 bxc6 20. Rd7 h6
21. Nf3 Ra8 22. Rc7 g5 23. Rxc6 g4 24. Nh4 Rd8 25. Nxf5 1-0